00450nmm a2200157Ia 4500008004100000020001800041041000800059100001700067245002500084264008000109300001600189650001200205856005100217942000700268999001700275251105s9999||||xx |||||||||||||||||und|| a9788468709567 aspa aLane, Soraya 0aCuando llama el amor a[Madrid, España] :bHarlequin, c[Fecha de publicación no identificada] a0 páginas aRomance uhttps://public.digitaliapublishing.com/a/90484 cCF c83908d83908